Irányzatok a mai polgári filozófiában egzisztencializmus : katolikus filozófia : neopozitivizmus
Elmentve itt :
| Szerző: | |
|---|---|
| További közreműködők: | |
| Adatforrás: | Philobibl |
| Dokumentumtípus: | Könyv |
| Nyelv: | magyar |
| Kulcsszavak: | neopozitivizmus filozófia, marxista egzisztencializmus |
| Megjelent: |
Budapest
Gondolat
1964
|
| LEADER | 00515nam a2200157 c 4500 | ||
|---|---|---|---|
| 001 | bibPHI0036861 | ||
| 005 | 20200924123725.7 | ||
| 008 | 100222s1964 hu hun | ||
| 100 | 1 | |a Márkus György | |
| 245 | 1 | 0 | |a Irányzatok a mai polgári filozófiában |b egzisztencializmus : katolikus filozófia : neopozitivizmus |c Márkus György, Tordai Zádor |
| 260 | |a Budapest |b Gondolat |c 1964 | ||
| 300 | |a 532 p. | ||
| 695 | |a neopozitivizmus | ||
| 695 | |a filozófia, marxista | ||
| 695 | |a egzisztencializmus | ||
| 700 | 1 | |a Tordai Zádor | |